La representación cinematográfica de la historia

Spremljeno u:
Bibliografski detalji
Glavni autori: Monterde, José Enrique (autor), Selva Masoliver, Marta (Autor), Solá Arguimbau, Anna (Autor)
Format: Knjiga
Jezik:španjolski
Izdano: Madrid Akal 2001
Serija:Akal Referentes, 5
Teme:
Oznake: Dodaj oznaku
Bez oznaka, Budi prvi tko označuje ovaj zapis!

MARC

LEADER 00000nam a2200000 a 4500
001 UCK8828
003 CL-VaPUC
008 060331e20010000SP |||||||||||||||||spa|d
020 |a 8446016672 
082 0 4 |a 791.4309  |b MON  |2 21 
100 |a Monterde, José Enrique  |e autor  |9 498516 
700 0 |a Selva Masoliver, Marta  |e author  |9 498517 
700 0 |a Solá Arguimbau, Anna  |e author  |9 498518 
245 1 3 |a La representación cinematográfica de la historia 
300 |a 247 p 
942 |c BK 
945 |d 20060331 00:00:00  |a jtorresc 
260 |a Madrid  |b Akal  |c 2001 
650 7 |a PELICULAS CINEMATOGRAFICAS  |2 CL-VaPUC  |9 498519 
650 0 |a Historia del cine  |9 265166 
650 0 |a Cinematografía  |9 265198 
650 0 |a Cine  |9 225706 
583 |a last modification  |c 20060331 00:00:00  |k Rodrigo Vera 
490 0 |a Akal Referentes, 5 
999 |c 316231  |d 316229 
952 |0 0  |1 0  |4 0  |6 791_430900000000000_MON_2001  |7 0  |8 A  |9 390440  |a BIBHIS  |b BIBHIS  |d 2019-11-22  |i 4216830  |l 1  |m 32  |o 791.4309 MON 2001  |p 4216830  |q 2025-07-11  |r 2021-07-22  |s 2021-07-22  |w 2019-11-22  |y BK  |k HIS